01707nam a22003977a 4500003000500000005001700005008004100022010001000063011001000073035001000083040000900093090001000102100003800112245011700150260004100267300002200308502009200330590003700422590004100459590004100500590004100541590004200582650002400624650002900648650001700677901000700694905002300701942000900724949005500733949005500788949004200843999001700885952014000902952014001042952012701182CHAP20220329142134.0990819d1999 mx r 00110 spa d a79053 a80025 a90466 cCHAP aTesis00aMendoza Castelán, Pedro.97462213aEl servicio social en la Universidad Autónoma Chapingo, vigencia y perspectivasc/por Pedro Mendoza Castelán aChapingo, Méx. :bEl autor,c1999. a200 h. :bcuadros aTesis (M.C. Ciencias en Sociología Rural) -- UACH. Departamento de Sociología Rural aALEPHb10c20130110lUCH01h1430 aBATCH-UPDb10c20130110lUCH01h0937 aBATCH-UPDb10c20130410lUCH01h0554 aBATCH-UPDb10c20130914lUCH01h1328 aCONVERSIONb10c20130109lUCH01h134414aEstudiantes.93848914aServicio social.910531614aUACH9115798 aBK aGuadalupe Pinto C. cFOLL bBCcTESd33724000728093eTS2fc.2h34446i90466si bBCcTESd33724000728127eTS2fc.3h34447i90466si bBCcTESd904661eTS1h34445i90466sb c79053d79053 00102local4053708TESISaBCbBCcPA_TESISd2019-12-31fTESISl0oTesisp33724000728093r2019-12-31 00:00:00tc.2w2019-12-31yTESIS 00102local4053708TESISaBCbBCcPA_TESISd2019-12-31fTESISl0oTesisp33724000728127r2019-12-31 00:00:00tc.3w2019-12-31yTESIS 00102local4051708TESISaBCbBCcPA_TESISd2019-12-31fTESISl0oTesisp904661r2019-12-31 00:00:00w2019-12-31yTESIS